[Event "Mistrzostwa Polski Seniorow w Szachach na 2024 rok"]
[Site "Szklarska Poreba"]
[Date "1899-12-30"]
[Round "5.9"]
[White "Kot, Jerzy"]
[Black "Shilov, Sergej"]
[Result "1-0"]
[WhiteTitle "FM"]
[BlackTitle "FM"]
[WhiteElo "1955"]
[BlackElo "2144"]

1. g3 f5 2. Bg2 Nf6 3. Nf3 g6 4. O-O Bg7 5. d3 O-O 6. e4 d6 7. exf5 Bxf5 8. c3
Kh8 9. Re1 e5 10. d4 e4 11. Ng5 d5 12. f3 exf3 13. Nxf3 Ne4 14. Nbd2 c5 15. Nf1
Nc6 16. Ne3 Be6 17. dxc5 Nxc5 18. Nc2 Bg4 19. h3 Bxf3 20. Bxf3 Ne4 21. Kg2 Qb6
22. Re2 Ne5 23. Nd4 Nxf3 24. Nxf3 Rxf3 25. Kxf3 Rf8+ 26. Bf4 Qc6 27. h4 Qe6 28.
Kg2 Rxf4 29. gxf4 Qg4+ 30. Kf1 Qxf4+ 31. Kg1 Qg3+ 32. Rg2 Qe3+ 33. Kf1 Qf4+ 34.
Ke2 Bh6 35. Qd4+ Bg7 36. Rf1 Qxf1+ 37. Kxf1 Bxd4 38. cxd4 Kg7 39. Rc2 Kf6 40.
Rc7 h5 41. Rxb7 Ng3+ 42. Kf2 Nf5 43. Rxa7 Nxh4 44. Ra6+ Kf5 45. Kg3 Kg5 46. a4
Nf5+ 47. Kf2 h4 48. a5 Kh5 49. Rf6 Ng3 50. Kf3 Ne4 51. Rc6 h3 52. a6 g5 53. a7
g4+ 54. Kf4 g3 55. a8=Q 1-0

[Event "Mistrzostwa Polski Seniorow w Szachach na 2024 rok"]
[Site "Szklarska Poreba"]
[Date "1899-12-30"]
[Round "5.10"]
[White "Szopka, Dariusz"]
[Black "Suchocki, Tomasz"]
[Result "1-0"]
[WhiteTitle "k++"]
[BlackTitle "I+"]
[WhiteElo "2073"]
[BlackElo "1948"]

1. e4 c6 2. d4 d5 3. Nc3 dxe4 4. Nxe4 Bf5 5. Ng3 Bg6 6. Nf3 Nd7 7. h4 h6 8. Bd3
Bxd3 9. Qxd3 e6 10. O-O Be7 11. Re1 Ngf6 12. c4 O-O 13. Bf4 Re8 14. Rad1 Qa5 15.
a3 b5 16. c5 Nd5 17. Bd6 Qd8 18. Bxe7 Rxe7 19. Ne4 N7f6 20. Ne5 Rc8 21. Nd6 Rcc7
22. a4 a6 23. axb5 axb5 24. Ra1 Ne8 25. Ra3 1-0

[Event "Mistrzostwa Polski Seniorow w Szachach na 2024 rok"]
[Site "Szklarska Poreba"]
[Date "1899-12-30"]
[Round "5.11"]
[White "Barwinski, Dionizy"]
[Black "Szczesniak, Konrad"]
[Result "0-1"]
[WhiteTitle "FM"]
[BlackTitle "k"]
[WhiteElo "1938"]
[BlackElo "2007"]

1. d4 d5 2. Nf3 Nf6 3. c4 c6 4. Nc3 e6 5. e3 Nbd7 6. Bd3 Bd6 7. O-O O-O 8. e4 dxc4
9. Bxc4 e5 10. d5 Nb6 11. Bb3 cxd5 12. exd5 e4 13. Ng5 Re8 14. f3 exf3 15. Qxf3
Bg4 16. Qd3 h6 17. Nf3 Nbd7 18. Bd2 Nc5 19. Qc2 Rc8 20. Kh1 Nce4 21. Be1 b5 22.
a3 a5 23. Qd1 Qb6 24. Nxe4 Nxe4 25. Bc2 Qc7 26. Bxe4 Rxe4 27. h3 Bd7 28. Qd3 Qc2
29. Qxc2 Rxc2 30. Bc3 Bc5 31. Rac1 Rxc1 32. Rxc1 Bb6 33. Ne5 Bf5 34. g4 b4 35.
axb4 axb4 36. Bxb4 Rxe5 37. gxf5 Rxd5 38. Rf1 Rd3 39. Kg2 Bd4 40. Ba3 Rd2+ 41.
Kf3 Bxb2 42. Bxb2 Rxb2 43. Ra1 Kf8 44. Ra7 Rb4 45. Rc7 h5 46. Ra7 Rb3+ 47. Kg2
Rb5 48. f6 Rg5+ 49. Kh2 gxf6 50. Ra4 Kg7 51. Rf4 Kg6 52. Ra4 Re5 53. Kg3 f5 54.
Ra3 Re4 55. Kf3 Rb4 56. Rc3 Kg5 57. Ra3 f4 58. Ra5+ Kg6 59. h4 f6 60. Rc5 Rb3+
61. Kxf4 Rh3 62. Ra5 Rxh4+ 63. Kf3 Rb4 64. Kg3 Rg4+ 65. Kh3 f5 66. Ra8 Kg5 67.
Rg8+ Kf4 68. Rh8 h4 69. Ra8 Rg1 70. Ra4+ Kg5 71. Kh2 Rg3 72. Rb4 f4 73. Rb5+ Kg4
74. Rb8 f3 75. Rf8 Rg2+ 76. Kh1 Ra2 77. Kg1 Kg3 78. Rg8+ Kf4 79. Rf8+ Ke3 80.
Re8+ Kd3 81. Rd8+ Ke2 82. Re8+ Kd1 83. Rd8+ Ke1 84. Kh1 f2 85. Rf8 Ra3 86. Re8+
Kf1 87. Kh2 Ra2 88. Re4 Re2 89. Ra4 Re3 90. Ra1+ Ke2 91. Ra2+ Kf3 92. Ra1 Re1
93. Ra3+ Ke4 0-1

[Event "Mistrzostwa Polski Seniorow w Szachach na 2024 rok"]
[Site "Szklarska Poreba"]
[Date "1899-12-30"]
[Round "6.2"]
[White "Fraczek, Dariusz"]
[Black "Czerwonski, Aleksander"]
[Result "0-1"]
[WhiteTitle "k"]
[BlackTitle "IM"]
[WhiteElo "2011"]
[BlackElo "2299"]

1. c4 Nf6 2. Nf3 e6 3. g3 d5 4. Bg2 Be7 5. O-O O-O 6. d4 dxc4 7. Qc2 b5 8. a4 Nc6
9. axb5 Nb4 10. Qxc4 a6 11. Qb3 Rb8 12. bxa6 Bxa6 13. Nc3 c5 14. Qd1 cxd4 15.
Qxd4 Qc8 16. Bf4 Rd8 17. Qa7 Rb7 18. Rxa6 Rxa7 19. Rxa7 Nfd5 20. Nxd5 Nxd5 21.
Rc1 Bc5 22. Ra5 Nxf4 23. Rcxc5 Nxe2+ 24. Kf1 Qd7 25. Ne1 Nd4 26. Rc3 f6 27. Rac5
Qa7 28. Be4 f5 0-1

[Event "Mistrzostwa Polski Seniorow w Szachach na 2024 rok"]
[Site "Szklarska Poreba"]
[Date "1899-12-30"]
[Round "6.3"]
[White "Palosz, Andrzej"]
[Black "Kowalczuk, Wojciech"]
[Result "1-0"]
[WhiteTitle "k"]
[BlackTitle "k"]
[WhiteElo "2019"]
[BlackElo "1990"]

1. e4 d5 2. exd5 Qxd5 3. Nc3 Qd6 4. d4 Nf6 5. Nf3 a6 6. Be2 Nc6 7. O-O Bg4 8. h3
Bh5 9. d5 Nb4 10. Qd4 Nbxd5 11. Rd1 e6 12. Nxd5 Nxd5 13. c4 Nf6 14. Qh4 Qb6 15.
Bg5 Bxf3 16. Bxf3 Be7 17. Be3 c5 18. Qg3 g6 19. b4 O-O 20. bxc5 Qb4 21. Rab1 Qxc4
22. Rxb7 Rae8 23. Qe5 1-0

[Event "Mistrzostwa Polski Seniorow w Szachach na 2024 rok"]
[Site "Szklarska Poreba"]
[Date "1899-12-30"]
[Round "6.4"]
[White "Leszner, Liliana"]
[Black "Stempin, Pawel"]
[Result "1/2-1/2"]
[WhiteTitle "WIM"]
[BlackTitle "IM"]
[WhiteElo "1944"]
[BlackElo "2315"]

1. e4 e5 2. Nf3 Nc6 3. Bc4 Nf6 4. Nc3 Bc5 5. O-O O-O 6. d3 h6 7. Na4 Be7 8. a3
d6 9. b4 a6 10. Nc3 Kh8 11. h3 Nh7 12. Nd5 f5 13. exf5 Bxf5 14. Nh2 Qd7 15. c3
Nf6 16. f4 Rae8 17. Ne3 Bh7 18. Nhg4 Nxg4 19. Nxg4 d5 20. Bb3 exf4 21. Bxf4 Bd6
22. Bxd6 Qxd6 23. Rxf8+ Rxf8 24. d4 Be4 25. Qe1 Ne7 26. Ne5 Ng6 27. Nxg6+ Qxg6
28. Ra2 Kh7 29. Bd1 c6 1/2-1/2

[Event "Mistrzostwa Polski Seniorow w Szachach na 2024 rok"]
[Site "Szklarska Poreba"]
[Date "1899-12-30"]
[Round "6.5"]
[White "Brylowski, Stefan"]
[Black "Stempin, Andrzej"]
[Result "0-1"]
[WhiteTitle "I++"]
[BlackTitle "k"]
[WhiteElo "1978"]
[BlackElo "2182"]

1. d4 Nf6 2. Nf3 g6 3. c4 Bg7 4. Nc3 O-O 5. Bg5 c5 6. e3 Qa5 7. Qd2 d6 8. Bxf6
exf6 9. Nb5 Qb6 10. dxc5 dxc5 11. Rd1 Nc6 12. Nc3 f5 13. Qc2 Be6 14. Be2 Qb4 15.
Nd2 Bxc3 16. bxc3 Qb6 17. Rb1 Qc7 18. Bf3 Rad8 19. Qa4 Bd7 20. Qc2 b6 21. O-O
Be6 22. Rfd1 Ne5 23. Be2 Rd7 24. h3 Rfd8 25. f4 Nc6 26. Nb3 Rxd1+ 27. Rxd1 Rxd1+
28. Qxd1 Qd8 29. Qxd8+ Nxd8 30. Kf2 Nb7 31. Bd3 Nd6 32. Nd2 Kf8 33. Ke2 Ke7 34.
Kd1 f6 35. Kc2 Kd7 36. Kb2 Ke7 37. a4 a5 38. Kb3 Bd7 39. g3 Bc6 40. Ka3 Bg2 41.
h4 Ne8 42. Kb3 Ng7 43. Be2 h6 44. Bd1 g5 45. hxg5 fxg5 46. fxg5 hxg5 47. Kc2 Bc6
48. Kd3 Kf6 49. g4 Ke5 50. Nf3+ Bxf3 51. Bxf3 fxg4 52. Bxg4 Ne8 53. Bf3 Nf6 54.
Bc6 Kf5 55. Bf3 Nd7 56. Be4+ Kg4 57. Bd5 Nf6 58. Ke2 Kg3 59. Bf3 Nd7 60. Bd5 Ne5
61. Kf1 Kh2 0-1

[Event "Mistrzostwa Polski Seniorow w Szachach na 2024 rok"]
[Site "Szklarska Poreba"]
[Date "1899-12-30"]
[Round "6.6"]
[White "Bugajski, Robert"]
[Black "Szopka, Dariusz"]
[Result "1-0"]
[WhiteTitle "FM"]
[BlackTitle "k++"]
[WhiteElo "1975"]
[BlackElo "2073"]

1. Nf3 d6 2. d4 g6 3. g3 Bg7 4. Bg2 Nd7 5. O-O Ngf6 6. c4 O-O 7. Nc3 c6 8. e4 e5
9. h3 exd4 10. Nxd4 Ne5 11. b3 Qa5 12. Nde2 Rd8 13. Be3 c5 14. f4 Nc6 15. Qd2
Nh5 16. Rac1 f5 17. exf5 gxf5 18. Kh2 Nf6 19. Bf2 Be6 20. Rfd1 Qc7 21. Nb5 Qf7
22. Nxd6 Qh5 23. Qe1 Ng4+ 24. Kh1 Nxf2+ 25. Qxf2 Rab8 26. Qf3 Qh6 27. Nxb7 Rxd1+
28. Rxd1 Nd4 29. Nxd4 cxd4 30. c5 Rc8 31. c6 Bf7 32. Kh2 Qe6 33. Rc1 Rc7 34. Nd8
Qe3 35. Rc2 Bf6 36. Nxf7 Kxf7 37. Re2 Qxf3 38. Bxf3 a5 39. Kg2 h6 40. Kf2 Kg7
41. Re6 Kf7 42. Bd5 Kg7 43. Ke2 Be7 44. Kd3 Bc5 45. Kc4 Bb6 46. Rd6 Re7 47. Be6
Kf6 48. Bd7+ Kg7 49. Bxf5 Re3 50. Kb5 Bc7 51. Rd7+ Kf6 52. Bg4 1-0

[Event "Mistrzostwa Polski Seniorow w Szachach na 2024 rok"]
[Site "Szklarska Poreba"]
[Date "1899-12-30"]
[Round "6.7"]
[White "Szczesniak, Konrad"]
[Black "Flis, Pawel"]
[Result "1/2-1/2"]
[WhiteTitle "k"]
[BlackTitle "CM"]
[WhiteElo "2007"]
[BlackElo "1956"]

1. d4 Nf6 2. Nc3 c5 3. d5 e6 4. e4 d6 5. Nf3 exd5 6. exd5 Be7 7. Be2 O-O 8. O-O
Na6 9. h3 Nc7 10. a4 b6 11. Re1 a6 12. Bc4 Rb8 13. Qd3 Re8 14. Ra3 Qd7 15. Rb3
Qf5 16. Ne4 Bd7 17. Nxf6+ Bxf6 18. Rxe8+ Nxe8 19. Bxa6 Qxd3 20. Bxd3 c4 21. Bxc4
Bxa4 22. Rb4 Bxc2 23. Be3 Be4 24. Nd4 Nc7 25. Nc6 Ra8 26. Rb3 1/2-1/2

[Event "Mistrzostwa Polski Seniorow w Szachach na 2024 rok"]
[Site "Szklarska Poreba"]
[Date "1899-12-30"]
[Round "6.8"]
[White "Plesiuk, Andrzej"]
[Black "Kot, Jerzy"]
[Result "1/2-1/2"]
[WhiteTitle "k"]
[BlackTitle "FM"]
[WhiteElo "1978"]
[BlackElo "1955"]

1. e4 c5 2. Nc3 g6 3. g3 Bg7 4. Bg2 Nc6 5. d3 e6 6. Be3 Nd4 7. Qd2 Rb8 8. Nd1 d6
9. c3 Nc6 10. Ne2 h5 11. h3 b6 12. O-O Nge7 13. Re1 d5 14. exd5 Nxd5 15. d4 cxd4
16. Nxd4 Nce7 17. Bg5 f6 18. c4 Nc7 19. Be3 O-O 20. Nc3 e5 21. Ndb5 Qxd2 22. Bxd2
Nxb5 23. Nxb5 a6 24. Bb4 Nf5 25. Bd5+ Kh7 26. Bxf8 Bxf8 27. Nc3 Nd4 28. Rad1 Bxh3
29. f3 Rd8 30. Kh2 Bc8 31. Kg2 Bh6 32. f4 1/2-1/2

[Event "Mistrzostwa Polski Seniorow w Szachach na 2024 rok"]
[Site "Szklarska Poreba"]
[Date "1899-12-30"]
[Round "6.9"]
[White "Siewert, Roman"]
[Black "Rogowski, Jaroslaw"]
[Result "1/2-1/2"]
[WhiteTitle "I++"]
[BlackTitle "k"]
[WhiteElo "1911"]
[BlackElo "2223"]

1. e4 c5 2. Nc3 e6 3. Nf3 a6 4. g3 d5 5. Bg2 d4 6. Ne2 Nc6 7. d3 e5 8. O-O h6 9.
Ne1 g5 10. f4 Bd6 11. Nf3 f6 12. f5 Bd7 13. a4 Nge7 14. g4 Na5 15. Bd2 Nec6 16.
b3 Qe7 17. Qe1 Nb4 18. Bxb4 cxb4 19. Qd2 Nc6 20. Ra2 Bc7 21. Kf2 O-O-O 22. Ng3
a5 23. Qe1 Be8 24. Nd2 Bf7 25. Bf3 Kd7 26. Kg2 Ra8 27. h3 Ra6 28. Rh1 Raa8 29.
Ra1 Qc5 30. Nc4 b5 31. axb5 Na7 32. b6 Bxb6 33. Nf1 Nb5 34. Nfd2 Bc7 35. Qf2 Nc3
36. Qe1 Ke7 37. Qf2 Rag8 38. Qe1 Qb5 39. Kg3 h5 40. Kg2 h4 41. Qf2 Ra8 42. Nb2
a4 43. bxa4 Nxa4 44. Nxa4 Rxa4 45. Rhb1 Rha8 46. Qe1 Qc6 47. Rxa4 Rxa4 48. Qc1
Ra2 49. Rb2 b3 50. Nxb3 Bxb3 51. Rxa2 1/2-1/2

[Event "Mistrzostwa Polski Seniorow w Szachach na 2024 rok"]
[Site "Szklarska Poreba"]
[Date "1899-12-30"]
[Round "6.10"]
[White "Rak, Tomasz"]
[Black "Kujawski, Adam"]
[Result "0-1"]
[WhiteTitle "k"]
[BlackTitle "FM"]
[WhiteElo "1908"]
[BlackElo "2111"]

1. Nf3 Nf6 2. d4 c5 3. c4 cxd4 4. Nxd4 Nc6 5. Nc3 e6 6. Nc2 a6 7. e4 Qc7 8. Be2
Ne5 9. O-O Nxc4 10. Bxc4 Qxc4 11. e5 Ne4 12. Qg4 Nd2 13. Qxc4 Nxc4 14. Re1 b5
15. b3 Na5 16. Be3 Bb7 17. Bb6 Nc6 18. Nd4 Rc8 19. Rac1 Nxd4 20. Bxd4 Ba3 21.
Rcd1 Ke7 22. Nb1 Bc5 23. Ba1 Bb4 24. Re2 Bd5 25. Bb2 Rc7 26. Rc1 Rxc1+ 27. Bxc1
Rc8 28. Bf4 f6 29. exf6+ gxf6 30. h4 e5 31. Be3 Rg8 32. f4 Ke6 33. Kh2 Be4 34.
Nd2 Bxd2 35. Bxd2 d5 36. Rf2 h5 37. Ba5 Rc8 38. g4 hxg4 39. Kg3 Bf5 40. fxe5 fxe5
41. h5 Rc1 42. Kh4 Rh1+ 43. Kg5 g3 44. Rg2 Rh2 45. Rxg3 Rxa2 46. Bd8 d4 47. Kh6
Rh2 48. Rg7 d3 49. Rg1 d2 50. Bg5 Bc2 0-1

[Event "Mistrzostwa Polski Seniorow w Szachach na 2024 rok"]
[Site "Szklarska Poreba"]
[Date "1899-12-30"]
[Round "6.11"]
[White "Hilarecki, Grzegorz"]
[Black "Czajkowski, Ryszard"]
[Result "1/2-1/2"]
[WhiteTitle "k"]
[BlackTitle "k"]
[WhiteElo "1896"]
[BlackElo "2031"]

1. d4 Nf6 2. Nf3 g6 3. Bf4 Bg7 4. e3 Nh5 5. Bg5 h6 6. Bh4 g5 7. Bg3 Nxg3 8. hxg3
c5 9. c3 Qb6 10. Qb3 Qxb3 11. axb3 d6 12. Na3 O-O 13. Nb5 Na6 14. Be2 Bd7 15.
O-O Bxb5 16. Bxb5 Nc7 17. Be2 cxd4 18. Nxd4 e6 19. Rfd1 d5 20. b4 a6 21. Nb3 Rfd8
22. Rd2 Bf8 23. Rad1 Be7 24. Bf3 Nb5 25. e4 g4 26. Bxg4 dxe4 27. Na5 Nd6 28. c4
1/2-1/2

[Event "Mistrzostwa Polski Seniorow w Szachach na 2024 rok"]
[Site "Szklarska Poreba"]
[Date "1899-12-30"]
[Round "7.1"]
[White "Betkowski, Andrzej"]
[Black "Palosz, Andrzej"]
[Result "1/2-1/2"]
[WhiteTitle "k"]
[BlackTitle "k"]
[WhiteElo "2011"]
[BlackElo "2019"]

1. d4 d5 2. Bf4 e6 3. e3 Ne7 4. Nd2 Ng6 5. Ngf3 Nxf4 6. exf4 c5 7. dxc5 Bxc5 8.
Nb3 Bd6 9. g3 b6 10. Bb5+ Nd7 11. O-O O-O 12. Re1 Nc5 13. Nbd4 Qf6 14. Ne5 Qh6
15. Ng4 Qg6 16. Ne5 Qh6 17. Ng4 1/2-1/2

[Event "Mistrzostwa Polski Seniorow w Szachach na 2024 rok"]
[Site "Szklarska Poreba"]
[Date "1899-12-30"]
[Round "7.2"]
[White "Czerwonski, Aleksander"]
[Black "Sokolowski, Ryszard"]
[Result "1-0"]
[WhiteTitle "IM"]
[BlackTitle "k"]
[WhiteElo "2299"]
[BlackElo "1965"]

1. d4 Nf6 2. c4 e6 3. Nc3 Bb4 4. e3 O-O 5. Bd2 d6 6. Nf3 Nc6 7. Qc2 e5 8. dxe5
dxe5 9. O-O-O Bxc3 10. Bxc3 Qe7 11. Ng5 h6 12. Ne4 Ne8 13. Ng3 Be6 14. f4 f6 15.
Be2 Nd6 16. b3 Rab8 17. Bf3 Nf7 18. Nf5 Qa3+ 19. Kb1 Nd6 20. Bd5 Rfe8 21. Nxh6+
Kf8 22. Qh7 Bxd5 23. cxd5 gxh6 24. dxc6 Nf7 25. fxe5 Re6 26. Rd7 Re7 27. exf6
bxc6 28. Rdd1 Re6 29. Rd7 1-0

[Event "Mistrzostwa Polski Seniorow w Szachach na 2024 rok"]
[Site "Szklarska Poreba"]
[Date "1899-12-30"]
[Round "7.3"]
[White "Stempin, Andrzej"]
[Black "Leszner, Liliana"]
[Result "1-0"]
[WhiteTitle "k"]
[BlackTitle "WIM"]
[WhiteElo "2182"]
[BlackElo "1944"]

1. d4 g6 2. c4 Bg7 3. Nc3 d6 4. Nf3 Nd7 5. g3 c6 6. Bg2 Ngf6 7. O-O O-O 8. b3 Qa5
9. Bb2 e5 10. dxe5 dxe5 11. Qd2 Qc7 12. Ba3 e4 13. Ng5 Re8 14. Ngxe4 Nxe4 15.
Nxe4 Bxa1 16. Bd6 Qd8 17. Rxa1 f5 18. Ng5 Qf6 19. Rd1 Ne5 20. f4 Ng4 21. e4 fxe4
22. Nxe4 Qf7 23. h3 Nh6 24. Ba3 Bxh3 25. Ng5 Qc7 26. Bxh3 Rad8 27. Be6+ Nf7 28.
Bxf7+ Qxf7 29. Nxf7 1-0

[Event "Mistrzostwa Polski Seniorow w Szachach na 2024 rok"]
[Site "Szklarska Poreba"]
[Date "1899-12-30"]
[Round "7.4"]
[White "Kujawski, Adam"]
[Black "Bugajski, Robert"]
[Result "1-0"]
[WhiteTitle "FM"]
[BlackTitle "FM"]
[WhiteElo "2111"]
[BlackElo "1975"]

1. e4 c5 2. Nf3 d6 3. d4 cxd4 4. Nxd4 Nf6 5. Nc3 a6 6. Bg5 e6 7. f4 Be7 8. Qf3
Qc7 9. O-O-O Nbd7 10. Bd3 b5 11. Rhe1 Bb7 12. Qg3 O-O-O 13. Bxb5 axb5 14. Ndxb5
Qb6 15. e5 dxe5 16. fxe5 Nxe5 17. Qxe5 Bxg2 18. Rxd8+ Rxd8 19. Be3 Qb7 20. Qg3
Nh5 21. Qg4 Bf3 22. Qc4+ Kd7 23. Rf1 Ke8 24. Nc7+ Kf8 25. Nxe6+ fxe6 26. Qg4 Nf6
27. Qxf3 Qxf3 28. Rxf3 Kf7 29. a4 Bd6 30. h3 Kg6 31. Nb5 Be5 32. a5 Nd5 33. Bd2
Nf6 34. a6 Bxb2+ 35. Kxb2 Rxd2 36. a7 1-0

[Event "Mistrzostwa Polski Seniorow w Szachach na 2024 rok"]
[Site "Szklarska Poreba"]
[Date "1899-12-30"]
[Round "7.5"]
[White "Stempin, Pawel"]
[Black "Rymaszewski, Dariusz"]
[Result "1/2-1/2"]
[WhiteTitle "IM"]
[BlackTitle "k"]
[WhiteElo "2315"]
[BlackElo "1990"]

1. Nf3 Nf6 2. c4 g6 3. d4 Bg7 4. g3 O-O 5. Bg2 d6 6. O-O Nc6 7. d5 Na5 8. Nfd2
c5 9. a3 Ng4 10. Ra2 b5 11. cxb5 a6 12. b4 Nb7 13. bxa6 Rxa6 14. h3 Nh6 15. b5
Ra8 16. a4 e5 17. Nc4 Bd7 18. Nc3 f5 19. Bd2 e4 20. Qc1 Nf7 21. Ra3 g5 22. a5
Bxc3 23. Bxc3 Bxb5 24. Ba1 Bxc4 25. Qxc4 Rxa5 26. Rb3 Rxa1 1/2-1/2

[Event "Mistrzostwa Polski Seniorow w Szachach na 2024 rok"]
[Site "Szklarska Poreba"]
[Date "1899-12-30"]
[Round "7.6"]
[White "Flis, Pawel"]
[Black "Fraczek, Dariusz"]
[Result "1/2-1/2"]
[WhiteTitle "CM"]
[BlackTitle "k"]
[WhiteElo "1956"]
[BlackElo "2011"]

1. e4 e6 2. d4 d5 3. Bd3 c5 4. exd5 exd5 5. Nf3 c4 6. Be2 Nf6 7. O-O Be7 8. b3
cxb3 9. axb3 O-O 10. c4 Nc6 11. Nc3 Re8 12. h3 Bf5 13. Bf4 Bb4 14. Nb5 Ne4 15.
cxd5 a6 16. dxc6 bxc6 17. Ne5 cxb5 18. Bg4 Nc3 19. Qf3 Bxg4 20. hxg4 Qxd4 21.
Bh2 Qd5 22. Qxd5 Nxd5 23. Rfd1 Bc3 24. Rac1 Bxe5 25. Rxd5 Bxh2+ 26. Kxh2 Red8
27. Rdc5 g6 28. R1c3 Rd4 29. f3 Rad8 30. Rc6 Rd3 31. R3c5 R3d6 32. Rc7 R6d7 33.
R7c6 Rd6 34. Rc7 R6d7 35. R7c6 Rd6 1/2-1/2

[Event "Mistrzostwa Polski Seniorow w Szachach na 2024 rok"]
[Site "Szklarska Poreba"]
[Date "1899-12-30"]
[Round "7.7"]
[White "Czaja, Roman"]
[Black "Plesiuk, Andrzej"]
[Result "1-0"]
[WhiteTitle "I+"]
[BlackTitle "k"]
[WhiteElo "2010"]
[BlackElo "1978"]

1. d4 d5 2. c4 c6 3. e3 Nf6 4. Nc3 Bf5 5. f3 e6 6. g4 Bg6 7. h4 h6 8. Bd3 Bxd3
9. Qxd3 Nbd7 10. Nge2 Bd6 11. Bd2 dxc4 12. Qxc4 e5 13. O-O-O Qe7 14. g5 Nb6 15.
gxf6 1-0

[Event "Mistrzostwa Polski Seniorow w Szachach na 2024 rok"]
[Site "Szklarska Poreba"]
[Date "1899-12-30"]
[Round "7.8"]
[White "Kot, Jerzy"]
[Black "Szczesniak, Konrad"]
[Result "1-0"]
[WhiteTitle "FM"]
[BlackTitle "k"]
[WhiteElo "1955"]
[BlackElo "2007"]

1. g3 d5 2. Bg2 Nf6 3. Nf3 e6 4. O-O Be7 5. d4 O-O 6. c4 c6 7. Nc3 Nbd7 8. b3 Nb6
9. c5 Nbd7 10. Bb2 b6 11. b4 a5 12. a3 Ba6 13. Qc2 Bc4 14. Nd2 b5 15. Nxc4 bxc4
16. e4 axb4 17. axb4 Rxa1 18. Rxa1 e5 19. dxe5 Nxe5 20. Nxd5 Nd3 21. Nxe7+ Qxe7
22. Qxc4 Nxb2 23. Qd4 Re8 24. Qxb2 Nxe4 25. Re1 f5 26. f3 Qf6 27. Qb3+ Kh8 28.
fxe4 fxe4 29. Qe3 Qb2 30. Bxe4 Qxb4 31. Kg2 h6 32. h4 Re5 33. Kh3 Qxc5 34. Qxc5
Rxc5 35. Bg6 1-0

[Event "Mistrzostwa Polski Seniorow w Szachach na 2024 rok"]
[Site "Szklarska Poreba"]
[Date "1899-12-30"]
[Round "7.9"]
[White "Kowalczuk, Wojciech"]
[Black "Gasik, Piotr"]
[Result "1/2-1/2"]
[WhiteTitle "k"]
[BlackTitle "k"]
[WhiteElo "1990"]
[BlackElo "1952"]

1. e4 Nf6 2. e5 Nd5 3. d4 d6 4. Nf3 g6 5. Bc4 c6 6. O-O Bg7 7. Re1 O-O 8. Bb3 dxe5
9. Nxe5 Nd7 10. Nf3 N7f6 11. c4 Nc7 12. Nc3 Bg4 13. h3 Bf5 14. Bf4 Rc8 15. Qd2
Re8 16. Rad1 a6 17. Ne5 Nd7 18. g4 Nxe5 19. Bxe5 Bxe5 20. Rxe5 Bd7 21. d5 cxd5
22. cxd5 Nb5 23. Nxb5 Bxb5 24. Qb4 Qd6 25. Qe4 a5 26. Re1 Rc7 27. h4 a4 28. Bxa4
Rc4 29. Qe2 Rxa4 30. Qxb5 Rxg4+ 31. Kf1 Kf8 32. R1e4 Rxe4 33. Rxe4 b6 34. Qc6
Qh2 35. Ke2 Rd8 36. Qc3 f6 37. Qa3 Qd6 38. Qxd6 Rxd6 39. Rb4 Ke8 40. Ke3 Kd7 41.
Ke4 e6 42. Rd4 Kc7 43. f3 exd5+ 44. Rxd5 Re6+ 45. Kd3 h5 46. a4 Re1 47. Kd2 Rb1
48. Rb5 Rh1 49. Rb4 Kc6 50. Rf4 f5 51. Rc4+ Kd5 52. Rb4 Kc5 53. Rb5+ Kc6 54. Rb4
1/2-1/2

[Event "Mistrzostwa Polski Seniorow w Szachach na 2024 rok"]
[Site "Szklarska Poreba"]
[Date "1899-12-30"]
[Round "7.10"]
[White "Rogowski, Jaroslaw"]
[Black "Czarnik, Jozef"]
[Result "1-0"]
[WhiteTitle "k"]
[BlackTitle "II+"]
[WhiteElo "2223"]
[BlackElo "1903"]

1. d4 d5 2. c4 c6 3. Nc3 e6 4. Bf4 Bd6 5. Bxd6 Qxd6 6. e4 dxe4 7. c5 Qc7 8. Nxe4
Qa5+ 9. Qd2 Qxd2+ 10. Kxd2 Nd7 11. f4 Ngf6 12. Nd6+ Ke7 13. Nf3 Ne8 14. Ne4 Ndf6
15. Nf2 Nc7 16. Bc4 Rd8 17. Rhe1 Kf8 18. Kc2 a5 19. g3 Ncd5 20. a3 Bd7 21. Rad1
Rab8 22. Nd3 b5 23. cxb6 Rxb6 24. Nc5 Rdb8 25. b3 Be8 26. Ne5 Rd8 27. Rd2 Nc7
28. Kb2 Nfd5 29. Bd3 g6 30. Nc4 Rbb8 31. Nxa5 Nb5 32. Bc2 Nb6 33. Red1 Ra8 34.
Nab7 Rdb8 35. a4 Nc7 36. Nd6 Nxa4+ 37. Nxa4 Rxa4 38. Kc3 Ra2 39. Be4 Rxd2 40.
Rxd2 Bd7 41. Ra2 Ra8 42. Rxa8+ Nxa8 43. Kb4 f5 44. Bf3 Nc7 45. Kc5 Na6+ 46. Kb6
Nb4 47. Nc4 Nc2 48. Kc5 Ne1 49. Ne5 Nxf3 50. Nxf3 Ke7 51. Ne5 Be8 52. Nxc6+ Kd7
53. b4 Kc7 54. b5 Kb7 55. Nd8+ 1-0

[Event "Mistrzostwa Polski Seniorow w Szachach na 2024 rok"]
[Site "Szklarska Poreba"]
[Date "1899-12-30"]
[Round "7.11"]
[White "Czyz, Andrzej"]
[Black "Shilov, Sergej"]
[Result "1/2-1/2"]
[WhiteTitle "I++"]
[BlackTitle "FM"]
[WhiteElo "1894"]
[BlackElo "2144"]

1. e4 g6 2. d4 Bg7 3. Nf3 d6 4. Bc4 c6 5. c3 d5 6. Bd3 dxe4 7. Bxe4 Nf6 8. Bc2
O-O 9. O-O Nbd7 10. Bg5 c5 11. Nbd2 cxd4 12. Nxd4 Nc5 13. Re1 Bg4 14. f3 Bd7 15.
Kh1 Ne6 16. Nxe6 Bxe6 17. Qe2 Qb6 18. Bb3 Bxb3 19. Nxb3 e6 20. Be3 Qc7 21. Bd4
Nd5 22. Bxg7 Kxg7 23. Qe5+ Qxe5 24. Rxe5 Rac8 25. Re4 Rfd8 26. Nd4 a6 27. Kg1
b5 28. a3 Nb6 29. Rae1 Nc4 30. R4e2 e5 31. Nb3 a5 32. Kf2 Rd5 33. g3 Rcd8 34.
Rc2 f5 35. Ree2 g5 36. h3 h5 37. f4 gxf4 38. gxf4 a4 39. Nc1 exf4 40. Na2 Rd3
41. h4 Kf6 42. Nb4 Ne3 43. Nxd3 Rxd3 44. Rcd2 Ng4+ 45. Ke1 Rh3 46. Rd6+ 1/2-1/2

[Event "Mistrzostwa Polski Seniorow w Szachach na 2024 rok"]
[Site "Szklarska Poreba"]
[Date "1899-12-30"]
[Round "8.1"]
[White "Betkowski, Andrzej"]
[Black "Czerwonski, Aleksander"]
[Result "0-1"]
[WhiteTitle "k"]
[BlackTitle "IM"]
[WhiteElo "2011"]
[BlackElo "2299"]

1. d4 d5 2. Bf4 c5 3. e3 cxd4 4. exd4 Nc6 5. c3 Bf5 6. Nd2 e6 7. Qb3 Qd7 8. Ngf3
f6 9. Bb5 a6 10. Bxc6 Qxc6 11. O-O Ne7 12. Rfe1 g5 13. Bg3 h5 14. h4 g4 15. Nh2
Bh6 16. Nhf1 Kf7 17. c4 b5 18. cxb5 Qxb5 19. Qa3 Nc6 20. Rac1 Rhc8 21. Qd6 Nxd4
22. Rc7+ Kg6 23. Ne3 Rxc7 24. Qxc7 Ne2+ 25. Kh2 Bxe3 26. fxe3 Nxg3 27. Qxg3 Qxb2
28. e4 Qxd2 29. exf5+ exf5 30. Rf1 Re8 31. Rf2 Qe1 32. Qf4 Qe5 33. g3 Qxf4 0-1

[Event "Mistrzostwa Polski Seniorow w Szachach na 2024 rok"]
[Site "Szklarska Poreba"]
[Date "1899-12-30"]
[Round "8.2"]
[White "Czaja, Roman"]
[Black "Stempin, Andrzej"]
[Result "0-1"]
[WhiteTitle "I+"]
[BlackTitle "k"]
[WhiteElo "2010"]
[BlackElo "2182"]

1. d4 d5 2. c4 e6 3. e3 Nf6 4. Nc3 c5 5. Nf3 Nc6 6. a3 cxd4 7. exd4 Be7 8. c5 Ne4
9. Qc2 Nxc3 10. Qxc3 a5 11. Bb5 Bd7 12. Bf4 O-O 13. O-O Bf6 14. Bd3 a4 15. Bd6
Be7 16. Bxe7 Qxe7 17. Qc2 h6 18. Rfe1 Qf6 19. Rad1 Rfc8 20. Bb5 Nb8 21. Qd3 Ra5
22. Bxd7 Nxd7 23. Rc1 Rc6 24. Rc3 Qd8 25. Rec1 Qa8 26. g4 Qd8 27. h4 Qf6 28. g5
Qf4 29. gxh6 Qxh6 30. Kh1 Qf4 31. Rg1 Nf6 32. b4 axb3 33. Rxb3 Ra7 34. Rgb1 Ne4
35. Kg2 Rc7 36. R1b2 f6 37. Kf1 Kf7 38. Ke2 Rd7 39. Qb5 Qc7 40. Nd2 Nxd2 41. Rxd2
Re7 42. Rg3 Qf4 43. Qd3 f5 44. Rh3 Ra4 45. Qe3 Qg4+ 46. Qf3 Rxd4 47. Rxd4 Qxd4
48. Qh5+ Kg8 49. Qg5 Qg4+ 50. Qxg4 fxg4 51. Rb3 Rc7 52. Kd3 Rxc5 53. Rxb7 Ra5
54. Kd4 Rxa3 55. Re7 Ra4+ 0-1

[Event "Mistrzostwa Polski Seniorow w Szachach na 2024 rok"]
[Site "Szklarska Poreba"]
[Date "1899-12-30"]
[Round "8.3"]
[White "Palosz, Andrzej"]
[Black "Kot, Jerzy"]
[Result "1/2-1/2"]
[WhiteTitle "k"]
[BlackTitle "FM"]
[WhiteElo "2019"]
[BlackElo "1955"]

1. e4 c5 2. Nc3 Nc6 3. g3 g6 4. Bg2 Bg7 5. d3 e6 6. Be3 Nd4 7. Nce2 Ne7 8. c3 Nxe2
9. Nxe2 b6 10. d4 Qc7 11. Bg5 Bb7 12. Bxe7 Kxe7 1/2-1/2